00454nam a2200133 a 4500008004100000050001100041100001900052245013600071260006300207350000900270650001300279650001500292650001300307060817s2005 xx |||||||||||||| || u aTHESIS aMasenga, Simon14aThe suitability of eucalyptus spp sawmilling and logging waste for charcoal production using thecthesis supervised by F.M. Malambo abCopperbelt University, School of Natural Resourcesc2005 a0.00 aFORESTRY aWOOD WASTE aCHARCOAL